01617nam a22002415i 4500001000700000003000900007005001700016008004100033040003000074100004200104245029500146250020700441260010100648300002000749505010800769650005000877700003900927700004000966700004201006852018501048999001901233952012301252167038ES-MaACL20250809025049.0990610m18351838fr |||| | fre d aCCPB | B bspa cCCPB | B1 aVattel, Emer de (d1714-1767)913357113aLe droit des gens ou principes de la loi naturelle appliqués a la conduite et aux affaires des nations et des souverains / cpar Vattel ; précédée d'un discours sur l'étude du droit de la nature et des gens par sir James Mackintosh ; traduit en français par M. P. Royer-Collard. aNouvelle ed. rev. et corr. d'après les textes originaux, augm. de quelques remarques nouvelles et d'une bibliographie choisie et systématique du droit de la nature et des gens bpar M. de Hoffmanns. aParis : ba la librairie diplomatique, française et étrangere de J. P. Aillaud, c1835-1838. a3 v. ; c20 cm.8 aContiene : Tomo III : Notes et table générale analytique de l'ouvrage / par M. S. Pinheiro-Ferreira07aDerecho internacional público2embne9117231 aMackintosh, James c, Sir.91292971 aRoyer-Collard, Pierre-Paul.91002162 aPinheiro-Ferreira, Silvestre.9131170 aES-MaACLjC-3815-17 z-- Enc. hol. x-- Edic.: T.I (VII, 516 p.) - T.II (458 p.) - T.III (VII, 587 p.) -- Imp. de los t.I-II: Typographie Rignoux y del t.III: Imprimerie de Casimir c167038d167038 001040708LIBXIXaATENEOMbATENEOMcSPALd2008-01-17l0oC-3815-17p1175219r2023-02-23 00:00:00w2023-02-23yMONANT